| 000 | 00867nam a2200217 4500 | ||
|---|---|---|---|
| 003 | LK-CoMWRAF | ||
| 005 | 20240106121739.0 | ||
| 008 | 230923b2004 |||||||| |||| 00| 0 eng d | ||
| 020 | _a1879875152 | ||
| 040 |
_aLK-CoMWRAF _dLK-CoMWRAF _eLK-CoMWRAF |
||
| 041 | _aeng | ||
| 082 |
_a305.8 _bETH |
||
| 245 |
_aEthnic conflict, minority protection and conflict resolution: human rights perspectives _b an interdisciplinary discussion held at The Rockefeller Foundation Conference Center in Bellagio, Italy, October 2001 |
||
| 260 |
_aCambridge: _bHarvard Law school human rights program, _c2004 |
||
| 300 | _a110 p. | ||
| 650 | _aConflict management | ||
| 650 | _aEthnic conflict | ||
| 650 | _aMinorities- Civil rights | ||
| 856 | _uhttp://hrp.law.harvard.edu/wp-content/uploads/2013/08/Ethnic-Conflict-Minority-Protection-and-Conflict-Resolution.pdf | ||
| 942 | _cBK | ||
| 999 |
_c3637 _d3637 |
||